| 000 | 00000cas 2200000zi 4500 |
| 001 | 9.803845 |
| 003 | CaOODSP |
| 005 | 20260128085150 |
| 006 | m o d f |
| 007 | cr ||||||||||| |
| 008 | 150930c20059999sncqr p o f000#a0eng|d |
| 022 | |a2293-5002 |
| 040 | |aCaOODSP|beng|erda|cCaOODSP |
| 043 | |an-cn--- |
| 086 | 1 |aCC212-1E-PDF |
| 130 | 0 |aAgriSuccess journal (Canada : Online) |
| 222 | 0|aAgriSuccess journal |b(Canada. Online) |
| 245 | 00|aAgriSuccess journal. |
| 246 | 13|aAgriSuccess, |f2010- |
| 264 | 1|a[Regina] : |bFarm Credit Canada, |c[2005]- |
| 310 | |aQuarterly, |b2017- |
| 321 | |aBimonthly, |b2005-2016 |
| 336 | |atext|btxt|2rdacontent |
| 337 | |acomputer|bc|2rdamedia |
| 338 | |aonline resource|bcr|2rdacarrier |
| 362 | 1 |aBegan with March/April 2005. |
| 500 | |aIssued also in French under title: Journal AgriSuccès. |
| 588 | |aDescription based on: March/April 2005. |
| 588 | |aLatest issue consulted: January 2020. |
| 650 | 0|aFarm management|zCanada|vPeriodicals. |
| 655 | 7|aPeriodicals|2lcgft |
| 710 | 2 |aFarm Credit Canada. |
| 775 | 08|tLe journal AgriSuccès.|w(CaOODSP)9.803847 |